[Event "Titled Tuesday intern op 21st May Early"]
[Site "Chess.com INT"]
[Date "2024.05.21"]
[Round "5"]
[White "Rose, Felix"]
[Black "Villabrille, Roberto"]
[Result "1-0"]
[WhiteElo "2091"]
[BlackElo "2140"]
[PlyCount "77"]
[EventDate "2024.05.21"]
[EventType "swiss (blitz)"]
[EventRounds "11"]
[EventCountry "USA"]
[SourceTitle "CB22_2024"]
[SourceDate "2024.05.29"]
[SourceVersion "1"]
[SourceVersionDate "2024.05.29"]
[SourceQuality "1"]

1. e4 d5 2. exd5 Qxd5 3. Nc3 Qd6 4. d4 Nc6 5. Nb5 Qd8 6. Bf4 e5 7. dxe5 Qxd1+ 8. Rxd1 Bb4+ 9. c3 Ba5 10. b4 Bb6 11. Be3 Bxe3 12. Nxc7+ Ke7 13. Nxa8 Bf4 14. Nc7 Bxe5 15. Nd5+ Ke8 16. Nf3 Nf6 17. Bb5 Kf8 18. Bxc6 bxc6 19. Nxe5 cxd5 20. 0-0 g6 21. c4 dxc4 22. Nxc4 Kg7 23. Rfe1 Be6 24. Ne5 Rb8 25. a3 Rb7 26. Nc6 Rc7 27. Rc1 a6 28. Nd8 Rxc1 29. Nxe6+ fxe6 30. Rxc1 Nd5 31. Rc6 Kf6 32. Rxa6 Nc3 33. a4 Ke5 34. b5 Kd4 35. Rxe6 Nd5 36. b6 Kc5 37. b7 Nc7 38. Rf6 Ne6 39. Rxe6 1-0

[Event "Titled Tuesday intern op 21st May Early"]
[Site "Chess.com INT"]
[Date "2024.05.21"]
[Round "1"]
[White "Villabrille, Roberto"]
[Black "Kaplan, Avi Harrison"]
[Result "0-1"]
[WhiteElo "2140"]
[BlackElo "2103"]
[PlyCount "56"]
[EventDate "2024.05.21"]
[EventType "swiss (blitz)"]
[EventRounds "11"]
[EventCountry "USA"]
[SourceTitle "CB22_2024"]
[SourceDate "2024.05.29"]
[SourceVersion "1"]
[SourceVersionDate "2024.05.29"]
[SourceQuality "1"]

1. d4 Nf6 2. Nf3 b6 3. Bf4 Bb7 4. e3 Nh5 5. Bg3 g6 6. Nbd2 Nxg3 7. hxg3 Bg7 8. c4 e6 9. Bd3 d6 10. Qc2 Nd7 11. a3 Qe7 12. e4 c5 13. dxc5 Nxc5 14. Rb1 0-0 15. b4 Nxd3+ 16. Qxd3 d5 17. cxd5 exd5 18. e5 Bxe5 19. Nxe5 Qxe5+ 20. Kf1 a5 21. Nf3 Qf6 22. g4 axb4 23. Rxb4 Ba6 24. Rb5 Bxb5 25. Qxb5 Qa1+ 26. Ne1 Rfe8 27. Qb4 Ra4 28. Qd2 Rd4 0-1

[Event "Titled Tuesday intern op 22nd Aug Early"]
[Site "Chess.com INT"]
[Date "2023.08.22"]
[Round "9"]
[White "Villabrille, Roberto"]
[Black "Vaglio Munoz, Jaime"]
[Result "0-1"]
[WhiteElo "2140"]
[BlackElo "2174"]
[PlyCount "40"]
[EventDate "2023.08.22"]
[EventType "swiss (blitz)"]
[EventRounds "11"]
[EventCountry "USA"]
[SourceTitle "EXT 2024"]
[Source "ChessBase"]
[SourceDate "2023.10.10"]
[SourceVersion "1"]
[SourceVersionDate "2023.10.10"]
[SourceQuality "1"]

1. d4 c5 2. Nf3 cxd4 3. Nxd4 e5 4. Nb3 d5 5. e4 d4 6. c3 Nc6 7. cxd4 exd4 8. Bb5 Bb4+ 9. Bd2 Bxd2+ 10. Qxd2 Nge7 11. 0-0 0-0 12. Rd1 Bg4 13. f3 Be6 14. Nxd4 Qb6 15. Bxc6 Nxc6 16. Nc3 Rad8 17. Nce2 Bc4 18. Kf1 Nxd4 19. Re1 Nxe2 20. Qxd8 Qg1# 0-1

[Event "Pehuajo Macias Memorial 1st"]
[Site "Pehuajo"]
[Date "2017.08.20"]
[Round "4"]
[White "Villabrille, Roberto"]
[Black "Torrallardona, Eduard"]
[Result "0-1"]
[WhiteElo "2200"]
[BlackElo "2080"]
[PlyCount "68"]
[EventDate "2017.08.18"]
[EventType "swiss"]
[EventRounds "7"]
[EventCountry "ARG"]
[SourceTitle "EXT 2019"]
[Source "ChessBase"]
[SourceDate "2018.10.10"]
[SourceVersion "1"]
[SourceVersionDate "2018.10.10"]
[SourceQuality "1"]

1. d4 Nf6 2. Nf3 g6 3. Bg5 Bg7 4. Nbd2 d5 5. e3 0-0 6. Bd3 Nbd7 7. c3 c5 8. 0-0 Qb6 9. Qc1 Re8 10. Re1 e5 11. dxe5 Nxe5 12. Nxe5 Rxe5 13. Bf4 Re8 14. e4 Nh5 15. Be3 d4 16. cxd4 cxd4 17. Nc4 Qc7 18. Bg5 Be6 19. b3 Rac8 20. Nb2 Qe5 21. Qd2 Rc3 22. f4 Qc7 23. f5 Bd7 24. fxg6 hxg6 25. g3 Be5 26. Re2 Bh3 27. Nc4 Bxg3 28. e5 Bf4 29. Bxf4 Rxd3 30. Qxd3 Nxf4 31. Qf3 Nxe2+ 32. Qxe2 b5 33. Nb2 Rxe5 34. Qf2 Rg5+ 0-1